[Event "Online Olym Div2 D"]
[Site "Chess.com INT"]
[Date "2021.09.04"]
[Round "8.2"]
[White "Masiya, Mfundo"]
[Black "Roselli Mailhe, Bernardo"]
[Result "0-1"]
[WhiteElo "1944"]
[BlackElo "2430"]
[PlyCount "94"]
[EventDate "2021.09.02"]
[EventType "team (rapid)"]
[EventRounds "9"]
[EventCountry "USA"]
[SourceTitle "CBM 204 Extra"]
[Source "ChessBase"]
[SourceDate "2021.11.30"]
[SourceVersion "1"]
[SourceVersionDate "2021.11.30"]
[SourceQuality "1"]
[WhiteTeam "South Africa"]
[BlackTeam "Uruguay"]
[WhiteTeamCountry "RSA"]
[BlackTeamCountry "URU"]

1. e4 c5 2. Nf3 e6 3. c3 Nc6 4. Bb5 Nge7 5. 0-0 a6 6. Ba4 b5 7. Bc2 Bb7 8. Re1 Ng6 9. d4 cxd4 10. cxd4 Nb4 11. Bb3 d5 12. e5 Be7 13. Nc3 0-0 14. Ne2 Rc8 15. a3 Nc6 16. Nf4 Na5 17. Bc2 Qc7 18. Bd3 Qb6 19. Nh5 Nc6 20. Be3 Rfe8 21. h4 b4 22. Nxg7 Kxg7 23. h5 Nf8 24. Nh2 f5 25. exf6+ Bxf6 26. Qg4+ Kh8 27. Qf4 Nd7 28. Qh6 Re7 29. Ng4 Bxd4 30. Bg5 Rg7 31. Rxe6 Nf8 32. Rf6 Qd8 33. Rf7 Qxg5 34. Rxg7 Qxg7 35. Qf4 Ne6 36. Qd6 Qxg4 37. Re1 Re8 38. Qd7 Re7 39. Qd6 Rg7 40. Bf1 Ne5 41. Rxe5 Bxe5 42. Qxe5 h6 43. Qb8+ Rg8 44. Qxb7 Nf4 45. Qxb4 Nh3+ 46. Kh2 Qxb4 47. axb4 Nxf2 0-1

[Event "Sandton SWVG blitz op"]
[Site "Sandton"]
[Date "2019.05.19"]
[Round "2"]
[White "Masiya, Mfundo"]
[Black "Makoto, Rodwell"]
[Result "0-1"]
[WhiteElo "1803"]
[BlackElo "2299"]
[PlyCount "112"]
[EventDate "2019.05.19"]
[EventType "swiss (blitz)"]
[EventRounds "10"]
[EventCountry "RSA"]
[SourceTitle "CBM 190 Extra"]
[Source "ChessBase"]
[SourceDate "2019.07.15"]
[SourceVersion "1"]
[SourceVersionDate "2019.07.15"]
[SourceQuality "1"]

1. e4 e5 2. Nf3 Nc6 3. d4 exd4 4. Nxd4 Nf6 5. Nc3 Bc5 6. Be3 Bb6 7. Nf5 0-0 8. Bd3 Ne5 9. 0-0 d6 10. Bxb6 axb6 11. Ne3 Re8 12. h3 Ra5 13. Re1 Nxd3 14. cxd3 g6 15. Qf3 c6 16. a3 Nh5 17. Ng4 Bxg4 18. hxg4 Ng7 19. d4 Ne6 20. Rad1 Qe7 21. Qg3 Rd8 22. d5 Nf8 23. e5 dxe5 24. Rxe5 Qc7 25. Qe3 Raa8 26. Re7 Rd7 27. d6 Qd8 28. Qf3 Rxe7 29. dxe7 Qxe7 30. Qd3 Ne6 31. Ne4 Nc5 32. Nxc5 bxc5 33. Qc3 b5 34. Re1 Qd6 35. Qf3 b4 36. axb4 cxb4 37. Rc1 Rc8 38. Qe4 c5 39. Qc4 Qe6 40. Qf4 c4 41. g3 b3 42. Qd2 Qe4 43. Qd1 Rc6 44. Rc3 Re6 45. g5 Qe1+ 46. Qxe1 Rxe1+ 47. Kg2 Re2 48. Rxc4 Rxb2 49. Rb4 Rb1 50. Rb7 Kg7 51. Rc7 Rd1 52. Rb7 Rd3 53. Kf1 Rc3 54. Ke2 Rc2+ 55. Kd3 Rxf2 56. Rxb3 Rf3+ 0-1

[Event "Sandton SWVG rapid op"]
[Site "Sandton"]
[Date "2019.05.18"]
[Round "2"]
[White "Oatlhotse, Providence"]
[Black "Masiya, Mfundo"]
[Result "1-0"]
[WhiteElo "2228"]
[BlackElo "1856"]
[PlyCount "109"]
[EventDate "2019.05.18"]
[EventType "swiss (rapid)"]
[EventRounds "10"]
[EventCountry "RSA"]
[SourceTitle "CBM 190 Extra"]
[Source "ChessBase"]
[SourceDate "2019.07.15"]
[SourceVersion "1"]
[SourceVersionDate "2019.07.15"]
[SourceQuality "1"]

1. c4 Nf6 2. Nc3 d5 3. cxd5 Nxd5 4. Nf3 g6 5. Qb3 Nb6 6. d4 Bg7 7. e4 0-0 8. Be3 Nc6 9. Rd1 Bg4 10. d5 Ne5 11. Be2 Nxf3+ 12. gxf3 Bh5 13. a4 Qc8 14. h4 Nd7 15. f4 Bxe2 16. Nxe2 Nf6 17. Ng3 c6 18. h5 cxd5 19. hxg6 hxg6 20. f5 Qc4 21. Qxc4 dxc4 22. f3 Rfd8 23. Ke2 Rxd1 24. Rxd1 Nh5 25. Nxh5 gxh5 26. Rg1 Kf8 27. e5 Rd8 28. f6 exf6 29. Bc5+ Ke8 30. Rxg7 Rd5 31. Bb4 Rxe5+ 32. Kf2 Rg5 33. Rh7 a5 34. Bc3 b5 35. axb5 Rxb5 36. Rh8+ Kd7 37. Ra8 h4 38. Rxa5 Rxa5 39. Bxa5 Ke6 40. Kg2 Ke5 41. Bc3+ Kf5 42. Be1 h3+ 43. Kxh3 Kf4 44. Kg2 Ke3 45. Kg3 f5 46. f4 Ke4 47. Bc3 Ke3 48. Bf6 Ke4 49. Be5 Ke3 50. Kh4 f6 51. Bd6 Kd3 52. Bb4 Ke3 53. Kg3 Ke4 54. Bc3 Kd5 55. Bxf6 1-0

[Event "Kinross USSA op"]
[Site "Kinross"]
[Date "2018.07.06"]
[Round "9"]
[White "Masiya, Mfundo"]
[Black "De Abreu, Roberto N"]
[Result "1-0"]
[WhiteElo "1932"]
[BlackElo "2107"]
[PlyCount "92"]
[EventDate "2018.07.02"]
[EventType "swiss"]
[EventRounds "9"]
[EventCountry "RSA"]
[SourceTitle "CBM 185 Extra"]
[Source "ChessBase"]
[SourceDate "2018.07.29"]
[SourceVersion "1"]
[SourceVersionDate "2018.07.29"]
[SourceQuality "1"]

1. e4 c5 2. d4 cxd4 3. c3 Nf6 4. e5 Nd5 5. Nf3 Nc6 6. Bc4 e6 7. cxd4 d6 8. 0-0 Be7 9. Nbd2 0-0 10. Qe2 Qc7 11. Qe4 Ndb4 12. Bb3 d5 13. Qb1 Na5 14. Bd1 b6 15. a3 Nbc6 16. Be2 Nc4 17. b3 Nxd2 18. Bxd2 Bb7 19. b4 Rfc8 20. Rc1 Qd8 21. Bd3 h6 22. Qb3 Qf8 23. Bb1 g5 24. Qd3 Qg7 25. h3 f5 26. Nh2 h5 27. g4 hxg4 28. hxg4 f4 29. Nf3 Kf7 30. Kg2 Rh8 31. Rg1 Rac8 32. Bc2 Bd8 33. Rh1 Be7 34. Rag1 Nb8 35. Bb1 Nc6 36. Kf1 a6 37. Ke2 b5 38. Rc1 Nb8 39. Rxc8 Bxc8 40. Rxh8 Qxh8 41. Qg6+ Kf8 42. Nxg5 Bxg5 43. Qxg5 f3+ 44. Ke3 Nc6 45. Bg6 Bd7 46. Kd3 Be8 1-0

[Event "Kinross USSA op"]
[Site "Kinross"]
[Date "2018.07.05"]
[Round "6"]
[White "Masiya, Mfundo"]
[Black "Pon, Matt"]
[Result "1/2-1/2"]
[WhiteElo "1932"]
[BlackElo "2140"]
[PlyCount "79"]
[EventDate "2018.07.02"]
[EventType "swiss"]
[EventRounds "9"]
[EventCountry "RSA"]
[SourceTitle "CBM 185 Extra"]
[Source "ChessBase"]
[SourceDate "2018.07.29"]
[SourceVersion "1"]
[SourceVersionDate "2018.07.29"]
[SourceQuality "1"]

1. e4 e6 2. d4 d5 3. Nd2 a6 4. Ngf3 Nf6 5. Bd3 c5 6. c3 Nc6 7. 0-0 Be7 8. dxc5 Bxc5 9. Qe2 h6 10. exd5 Qxd5 11. Ne4 Be7 12. c4 Qh5 13. Ng3 Qa5 14. Bd2 Qc7 15. Bc3 Bd7 16. a3 0-0 17. Ne4 Nxe4 18. Qxe4 f5 19. Qe2 Bd6 20. Rfe1 Rae8 21. b4 b6 22. c5 bxc5 23. bxc5 Bxc5 24. Bxa6 Ra8 25. Bc4 Rfe8 26. Nh4 Qf4 27. g3 Bxf2+ 28. Kg2 Bxe1 29. gxf4 Bxc3 30. Rc1 Bf6 31. Nxf5 Rxa3 32. Qg4 Na5 33. Nxh6+ Kh7 34. Nf7 Bc6+ 35. Kf1 Nxc4 36. Rxc4 Ra1+ 37. Ke2 Ra2+ 38. Kf1 Ra1+ 39. Ke2 Ra2+ 40. Kf1 1/2-1/2

[Event "Johannesburg Sandton op"]
[Site "Johannesburg"]
[Date "2018.05.20"]
[Round "8"]
[White "Masiya, Mfundo"]
[Black "Grover, Sahaj"]
[Result "0-1"]
[WhiteElo "1797"]
[BlackElo "2465"]
[PlyCount "92"]
[EventDate "2018.05.19"]
[EventType "swiss"]
[EventRounds "10"]
[EventCountry "RSA"]
[SourceTitle "CBM 184 Extra"]
[Source "ChessBase"]
[SourceDate "2018.06.28"]
[SourceVersion "1"]
[SourceVersionDate "2018.06.28"]
[SourceQuality "1"]

1. e4 e6 2. d4 d5 3. Nd2 c5 4. exd5 Qxd5 5. Ngf3 cxd4 6. Bc4 Qd8 7. 0-0 a6 8. Nb3 Nc6 9. Nbxd4 Nxd4 10. Nxd4 Qc7 11. b3 Bd6 12. h3 Ne7 13. Bb2 0-0 14. Re1 Ng6 15. Qf3 Ne5 16. Qc3 Nxc4 17. Nb5 Bh2+ 18. Kh1 Qe5 19. Qxc4 Qxb2 20. Nc7 Bxc7 21. Qxc7 Qf6 22. Rad1 e5 23. Rxe5 Be6 24. Re2 b5 25. Qb6 Rfb8 26. Qe3 Rd8 27. Rc1 Rac8 28. Qb6 Bf5 29. Qxf6 gxf6 30. c4 bxc4 31. bxc4 Rc5 32. Re3 Rdc8 33. Rf3 Kg7 34. Rg3+ Kf8 35. Rf3 Be6 36. Rxf6 Rxc4 37. Re1 Rc1 38. Rxc1 Rxc1+ 39. Kh2 Ra1 40. Rh6 Kg7 41. Rh4 Rxa2 42. Rb4 a5 43. Rb7 a4 44. g4 a3 45. Kg3 Rb2 46. f4 Rxb7 0-1

[Event "Johannesburg Sandton op"]
[Site "Johannesburg"]
[Date "2018.05.20"]
[Round "10"]
[White "Van der Walt, Pierre E"]
[Black "Masiya, Mfundo"]
[Result "0-1"]
[WhiteElo "1993"]
[BlackElo "1797"]
[PlyCount "76"]
[EventDate "2018.05.19"]
[EventType "swiss"]
[EventRounds "10"]
[EventCountry "RSA"]
[SourceTitle "CBM 184 Extra"]
[Source "ChessBase"]
[SourceDate "2018.06.28"]
[SourceVersion "1"]
[SourceVersionDate "2018.06.28"]
[SourceQuality "1"]

1. e4 c5 2. Nc3 Nc6 3. f4 g6 4. Nf3 Bg7 5. Bb5 Nd4 6. 0-0 Nxb5 7. Nxb5 d5 8. e5 Nh6 9. d4 a6 10. Nc3 cxd4 11. Qxd4 e6 12. Qb4 Bf8 13. Qd4 Nf5 14. Qd3 h5 15. Be3 Nxe3 16. Qxe3 Qc7 17. Nd4 b5 18. a3 Bd7 19. Kh1 Rb8 20. Nb3 h4 21. h3 a5 22. Nd4 Bc5 23. Nce2 b4 24. axb4 axb4 25. Qd2 Kf8 26. c3 bxc3 27. bxc3 Kg7 28. Rfb1 Rhc8 29. Qe1 Be7 30. Nf3 Bb5 31. Nfd4 Bd3 32. Rxb8 Rxb8 33. Rc1 Rb2 34. Ng1 Be4 35. Ngf3 Qc4 36. Nd2 Qa2 37. Rd1 Qa4 38. Ra1 Rxd2 0-1

[Event "Johannesburg Sandton op"]
[Site "Johannesburg"]
[Date "2018.05.19"]
[Round "1"]
[White "Masiya, Mfundo"]
[Black "Mwale, Joseph"]
[Result "0-1"]
[WhiteElo "1797"]
[BlackElo "2058"]
[PlyCount "88"]
[EventDate "2018.05.19"]
[EventType "swiss"]
[EventRounds "10"]
[EventCountry "RSA"]
[SourceTitle "CBM 184 Extra"]
[Source "ChessBase"]
[SourceDate "2018.06.28"]
[SourceVersion "1"]
[SourceVersionDate "2018.06.28"]
[SourceQuality "1"]

1. e4 e5 2. Nf3 Nc6 3. d4 exd4 4. Nxd4 Bc5 5. Be3 Qf6 6. c3 Nge7 7. Bc4 Qg6 8. 0-0 0-0 9. Nd2 Ne5 10. Be2 d6 11. Kh1 Ng4 12. Bf4 Nc6 13. Nxc6 bxc6 14. Bg3 Re8 15. h3 Nf6 16. Bf3 Bd7 17. Re1 h6 18. b4 Bb6 19. a4 a5 20. Qb3 Rab8 21. Rab1 Nh5 22. Bh4 Nf4 23. Nc4 Be6 24. e5 Qd3 25. Re4 d5 26. Rxf4 dxc4 27. Qb2 g5 28. Be4 Qd7 29. Rf6 gxh4 30. Qc1 Bd5 31. Bf5 Bxg2+ 32. Kg1 Qxf5 33. Rxf5 Be4 34. Rh5 Re6 35. bxa5 Rg6+ 36. Kf1 Bd3+ 37. Ke1 Rg1+ 38. Kd2 Rxc1 39. Rxc1 Bxf2 40. Ra1 Rb2+ 41. Kc1 Rc2+ 42. Kd1 Be3 43. Rxh4 Rh2 44. Rg4+ Kh7 0-1

[Event "Pretoria Capablanca B"]
[Site "Pretoria"]
[Date "2018.04.27"]
[Round "2"]
[White "Masiya, Mfundo"]
[Black "Nel, Andre"]
[Result "1-0"]
[WhiteElo "1949"]
[BlackElo "1836"]
[PlyCount "54"]
[EventDate "2018.04.27"]
[EventType "tourn"]
[EventRounds "9"]
[EventCountry "RSA"]
[SourceTitle "CBM 184 Extra"]
[Source "ChessBase"]
[SourceDate "2018.06.28"]
[SourceVersion "1"]
[SourceVersionDate "2018.06.28"]
[SourceQuality "1"]

1. e4 e5 2. Nf3 Nc6 3. d4 exd4 4. Nxd4 Nf6 5. Nxc6 bxc6 6. e5 Qe7 7. Qe2 Nd5 8. c4 Ba6 9. Nd2 Nb6 10. b3 Qe6 11. Bb2 0-0-0 12. 0-0-0 d5 13. exd6 cxd6 14. Qf3 c5 15. Bd3 Bb7 16. Qg3 f6 17. Rhe1 Qd7 18. Ne4 Kb8 19. Nxc5 Qc6 20. Nxb7 Qxb7 21. Be4 Qc7 22. Kb1 Nd7 23. Qc3 Ne5 24. Rd5 g6 25. f4 Nd7 26. Rb5+ Nb6 27. Qxf6 Be7 1-0

[Event "RSA Inter Regional-ch"]
[Site "Boksburg"]
[Date "2018.01.10"]
[Round "3.1"]
[White "Oatlhotse, Providence"]
[Black "Masiya, Mfundo"]
[Result "0-1"]
[WhiteElo "2200"]
[BlackElo "1920"]
[PlyCount "116"]
[EventDate "2018.01.09"]
[EventType "team-swiss"]
[EventRounds "7"]
[EventCountry "RSA"]
[SourceTitle "CBM 189 Extra"]
[Source "ChessBase"]
[SourceDate "2019.06.03"]
[SourceVersion "1"]
[SourceVersionDate "2019.06.03"]
[SourceQuality "1"]
[WhiteTeam "West Rand Young Minds"]
[BlackTeam "Ekurhuleni II"]
[WhiteTeamCountry "RSA"]
[BlackTeamCountry "RSA"]

1. e4 c5 2. d4 cxd4 3. c3 dxc3 4. Nxc3 Nc6 5. Nf3 e6 6. Bc4 a6 7. 0-0 b5 8. Bb3 Nge7 9. Bg5 h6 10. Bh4 g5 11. Bg3 Ng6 12. Re1 Bg7 13. a4 b4 14. Nd5 Ra7 15. Bd6 Bf8 16. e5 Bxd6 17. Nf6+ Kf8 18. Qxd6+ Qe7 19. Qd2 Ncxe5 20. Nxe5 Nxe5 21. Qd4 d6 22. Rac1 Kg7 23. Ne4 Rd7 24. Red1 Rhd8 25. a5 Bb7 26. Ba4 Bxe4 27. Bxd7 Bxg2 28. Kxg2 Rxd7 29. Qxb4 Qf6 30. Rc3 d5 31. Qd4 Qf5 32. Rdc1 Rb7 33. b4 Kg6 34. Re3 f6 35. Rc8 g4 36. Rg8+ Kh7 37. Rb8 Rg7 38. b5 Nf3 39. Qd1 Qf4 40. Rc8 d4 41. Ra3 Rd7 42. b6 Rd5 43. Rc7+ Kg6 44. Rc8 Qxh2+ 45. Kf1 Qg1+ 46. Ke2 Re5+ 47. Re3 d3+ 48. Qxd3+ f5 49. Rg8+ Kf7 50. Qd1 Rxe3+ 51. fxe3 Qg2+ 52. Kd3 Ne5+ 53. Kc3 Qc6+ 54. Kb2 Kxg8 55. Qd8+ Kf7 56. Qb8 Nc4+ 57. Kb1 Qe4+ 58. Ka1 Qe5+ 0-1

[Event "RSA-chT U20"]
[Site "Boksburg"]
[Date "2018.01.08"]
[Round "7.1"]
[White "Masiya, Mfundo"]
[Black "Khumalo, Keith"]
[Result "1/2-1/2"]
[WhiteElo "1787"]
[BlackElo "1906"]
[PlyCount "30"]
[EventDate "2018.01.04"]
[EventType "team-tourn"]
[EventRounds "7"]
[EventCountry "RSA"]
[SourceTitle "CBM 182 Extra"]
[Source "ChessBase"]
[SourceDate "2018.02.23"]
[SourceVersion "1"]
[SourceVersionDate "2018.02.23"]
[SourceQuality "1"]
[WhiteTeam "Ekurhuleni U20"]
[BlackTeam "Tshwane U20"]
[WhiteTeamCountry "RSA"]
[BlackTeamCountry "RSA"]

1. e4 e6 2. d4 d5 3. exd5 exd5 4. Nf3 Bd6 5. Bd3 Nc6 6. c3 Nge7 7. 0-0 Bg4 8. Bg5 f6 9. Bh4 Qd7 10. Bg3 Bxg3 11. hxg3 0-0-0 12. b4 h5 13. b5 Na5 14. Nbd2 Bf5 15. Nb3 Bxd3 1/2-1/2

[Event "Johannesburg Gauteng op"]
[Site "Johannesburg"]
[Date "2017.05.06"]
[Round "4"]
[White "Tembo, Epah"]
[Black "Masiya, Mfundo"]
[Result "1/2-1/2"]
[WhiteElo "1807"]
[BlackElo "1563"]
[PlyCount "61"]
[EventDate "2017.05.03"]
[EventType "swiss"]
[EventRounds "7"]
[EventCountry "RSA"]
[SourceTitle "CBM 178 Extra"]
[Source "ChessBase"]
[SourceDate "2017.06.22"]
[SourceVersion "1"]
[SourceVersionDate "2017.06.22"]
[SourceQuality "1"]

1. c4 Nf6 2. g3 g6 3. Bg2 Bg7 4. Nc3 0-0 5. d3 d6 6. Bg5 h6 7. Bd2 e5 8. e4 Nc6 9. a3 a5 10. Nge2 Ne8 11. 0-0 f5 12. Rb1 fxe4 13. Nxe4 Ne7 14. b4 axb4 15. axb4 c6 16. Bc3 d5 17. Nc5 b6 18. Nb3 Be6 19. Nd2 Bf5 20. Nc1 Nd6 21. g4 Be6 22. Qe2 Nf7 23. h3 g5 24. b5 Ng6 25. bxc6 Nf4 26. Qd1 Qc7 27. cxd5 Bxd5 28. Bxd5 Nxd5 29. Bb4 Rfc8 30. Ne4 Qxc6 31. Ne2 1/2-1/2